000 00810cam a22002171i 4500
001 sa 64009194
003 DLC
005 20260227112100.0
008 820714s1963 ii 000 0 eng
010 _asa 64009194
025 _aPL480:I-E-3251
035 _a(OCoLC)8601082
040 _aDLC
_cKWS
_dNSyU
_dDLC
042 _apremarc
050 0 0 _aPK3106.A2
_bE5 1963
130 0 _aVedas.
_pSāmaveda.
_kSelections.
245 1 0 _aSamaveda samhita ; Agneya Parva or Kanda.
_cWith text and references in Sanskrit script and expository English translation, charts and a short article on Agni, by Bibhor Kumar Lahiri.
260 _aCalcutta [Bibhor Kumar Lahiri] ; sole distributors: Firma K. L. Mukhopadhyay,
_c1963.
300 _aii, ii, 6, 20, 55 p. :
_bill. ;
_c22 cm.
700 1 _aLahiri, Bibhor Kumar,
_eed.
999 _c61304
_d61304